| 000 | 00539nam a2200181 i 4500 | ||
|---|---|---|---|
| 001 | 121287 | ||
| 003 | ES-MaACL | ||
| 005 | 20230906191727.0 | ||
| 007 | t| | ||
| 008 | 070214s1964 sp f |||| | spa d | ||
| 100 | 1 |
_aPopelin, Claude. _993087 |
|
| 245 | 1 | 4 |
_aLos toros desde la barrera / _cClaude Popelin ; traducción de Montserrat Romaña. |
| 260 |
_aMadrid : _bRialp, _c1964. |
||
| 300 |
_a262 p., 16 lám. ; _c18 cm. |
||
| 650 | 4 |
_aCorridas de toros. _911370 |
|
| 700 | 1 |
_aRomaña, Montserrat. _999270 |
|
| 852 |
_aES-MaACL _jC-25638 |
||
| 999 |
_c121287 _d121287 |
||